Top 20 Countries with the Highest Life Expectancy - Statistics

General Stats
  • This quiz has been taken 30 times
  • The average score is 16 of 20
Answer Stats
Expectancy Answer % Correct
84.71 Japan
100%
84.33 South Korea
100%
83.67 Spain
100%
82.63 Canada
92%
83.31 Norway
92%
83.92 Australia
88%
83.33 France
88%
83.72 Italy
88%
83.26 Sweden
88%
83.74 Singapore
83%
82.69 Iceland
79%
82.36 Portugal
79%
83.95 Switzerland
79%
82.41 Ireland
75%
82.23 Luxembourg
75%
82.91 United Arab Emirates
75%
82.41 Israel
67%
83.3 Malta
67%
82.37 Qatar
67%
84.04 Andorra
63%
No matching quizzes found
Score Distribution
Percent of People with Each Score
Percentile by Number Answered
Your Score History
You have not taken this quiz